000 00977cam a22002891 4500
999 _c127306
_d127306
001 7984735
003 ARRUPE
005 20180108124431.0
008 720301s1964 nyua b 000 0 eng
010 _a 64011621
035 _a(OCoLC)253955
040 _aDLC
_cODaWU
_dOCoLC
_dInU-D
_dOCoLC
_dViNEVM
_dOCoLC
_dDLC
042 _apremarc
050 0 0 _aHM51
_b.B42
060 0 _aHM 251
_bB487h 1964
082 _a301
100 1 _aBerelson, Bernard,
_d1912-1979.
_938291
245 1 0 _aHuman behavior;
_ban inventory of scientific findings
_c[by] Bernard Berelson [and] Gary A. Steiner.
260 _aNew York,
_bHarcourt, Brace & World
_c[c1964]
300 _axxiii, 712 p.
_billus.
_c24 cm.
504 _aIncludes bibliographies.
650 0 _aSociology.
_938292
650 0 _aPsychology.
_920
700 1 _aSteiner, Gary Albert,
_d1931-1966,
_ejoint author.
_938293
906 _a7
_bcbc
_coclcrpl
_du
_encip
_f19
_gy-gencatlg
942 _2lcc
_cMONOGRAPH